[Event "First Saturday 09 June"]
[Site "Budapest"]
[Date "2009.06.06"]
[Round "1"]
[White "Mendege, Andras"]
[Black "Schenkerik, Csaba"]
[Result "1/2-1/2"]
[WhiteElo "1818"]
[BlackElo "2215"]
[PlyCount "93"]
[EventDate "2009.06.06"]

1. e4 c5 2. Nf3 e6 3. g3 Nc6 4. Bg2 g6 5. O-O Bg7 6. c3 Nge7 7. d3 O-O 8. Be3
b6 9. Re1 d5 10. Na3 a5 11. Nc2 Ra7 12. Bg5 dxe4 13. Bxe7 Qxe7 14. dxe4 Rd8 15.
Qc1 Rad7 16. Ne3 Ba6 17. Rd1 Be2 18. Rxd7 Qxd7 19. Qe1 Qd3 20. Qb1 Qxb1+ 21.
Rxb1 Bd3 22. Rd1 Bxe4 23. Rxd8+ Nxd8 24. Nc4 b5 25. Nxa5 b4 26. cxb4 cxb4 27.
Nc4 Bb1 28. a3 bxa3 29. bxa3 Be4 30. Nfd2 Bxg2 31. Kxg2 Kf8 32. g4 Ke7 33. f4
Kd7 34. Nf3 Kc6 35. Nce5+ Kd5 36. Kg3 f6 37. Nd3 Kc4 38. Nc1 Kc3 39. h4 Kb2 40.
Nd3+ Kxa3 41. h5 gxh5 42. g5 Kb3 43. Kh4 Kc3 44. Nf2 fxg5+ 45. Kxg5 Nf7+ 46.
Kxh5 Nd6 47. Ng5 1/2-1/2

[Event "First Saturday 09 June"]
[Site "Budapest"]
[Date "2009.06.06"]
[Round "1"]
[White "Yip, Michael"]
[Black "Revesz, Zoltan"]
[Result "1/2-1/2"]
[WhiteElo "2067"]
[BlackElo "2258"]
[PlyCount "41"]
[EventDate "2009.06.06"]

1. d4 d5 2. c4 c6 3. Nf3 Nf6 4. Nc3 e6 5. e3 Nbd7 6. Qc2 Bd6 7. b3 O-O 8. Be2
dxc4 9. bxc4 e5 10. O-O Re8 11. Rd1 Qe7 12. Rb1 e4 13. Nd2 Nf8 14. h3 Ng6 15.
c5 Bb8 16. Nf1 Nh4 17. d5 Qxc5 18. Qb3 cxd5 19. Nxd5 Nxd5 20. Rxd5 Qc7 21. Bb5
1/2-1/2

[Event "First Saturday 09 June"]
[Site "Budapest"]
[Date "2009.06.06"]
[Round "1"]
[White "Mester, Attila"]
[Black "Bodrogi, Laszlo"]
[Result "1-0"]
[WhiteElo "2095"]
[BlackElo "2050"]
[PlyCount "118"]
[EventDate "2009.06.06"]

1. e4 e6 2. d3 d5 3. Nd2 Nf6 4. Ngf3 Nc6 5. c3 a5 6. Be2 Be7 7. O-O O-O 8. Qc2
a4 9. Re1 dxe4 10. dxe4 Bc5 11. h3 e5 12. Nf1 h6 13. Ng3 Be6 14. Rd1 Qc8 15.
Bf1 Rd8 16. Re1 Ra5 17. Nh4 Rd7 18. Nhf5 Qd8 19. Qe2 Ne7 20. Qf3 Nxf5 21. Nxf5
Bxf5 22. Qxf5 g6 23. Qf3 Kg7 24. g4 Nh7 25. Qg3 Rd6 26. h4 Rf6 27. Bxh6+ Kg8
28. Rad1 Rd6 29. Rxd6 Qxd6 30. Qf3 Ra8 31. Bc4 Qf6 32. Kg2 Rd8 33. Qxf6 Nxf6
34. f3 c6 35. Be2 Nh7 36. Bc1 Kg7 37. Rd1 Be7 38. Rxd8 Bxd8 39. Kg3 g5 40. h5
Nf8 41. Be3 Ne6 42. Kf2 Be7 43. Bc4 Nf4 44. Bf1 Ne6 45. Ke2 Nf4+ 46. Kd1 Kf6
47. Kc2 Ne6 48. Bb6 Bc5 49. Bxc5 Nxc5 50. b4 axb3+ 51. axb3 b5 52. Kb2 Na6 53.
Ka3 Nc5 54. Kb4 Nb7 55. Bxb5 cxb5 56. Kxb5 Nd8 57. b4 Ke6 58. Kb6 Kd7 59. h6 f6
1-0

[Event "First Saturday 09 June"]
[Site "Budapest"]
[Date "2009.06.06"]
[Round "1"]
[White "Jasz, Peter"]
[Black "Mueller, Markus"]
[Result "1-0"]
[WhiteElo "2007"]
[BlackElo "2152"]
[PlyCount "53"]
[EventDate "2009.06.06"]

1. e4 c5 2. Nf3 e6 3. d4 cxd4 4. Nxd4 a6 5. Nc3 Qc7 6. Be2 Nf6 7. O-O Nc6 8.
Be3 Bb4 9. Na4 O-O 10. c4 Be7 11. Rc1 d6 12. f3 Ne5 13. f4 Ned7 14. Bf3 g6 15.
g4 e5 16. Ne2 Nc5 17. Nxc5 dxc5 18. f5 Rd8 19. Qe1 b5 20. g5 Ne8 21. Nc3 Nd6
22. Nd5 Qa7 23. Qh4 Nxc4 24. Nf6+ Bxf6 25. gxf6 Kh8 26. fxg6 fxg6 27. f7 1-0

[Event "First Saturday 09 June"]
[Site "Budapest"]
[Date "2009.06.07"]
[Round "2"]
[White "Bodrogi, Laszlo"]
[Black "Jasz, Peter"]
[Result "0-1"]
[WhiteElo "2050"]
[BlackElo "2007"]
[PlyCount "70"]
[EventDate "2009.06.06"]

1. e4 c5 2. Nf3 d6 3. d4 cxd4 4. Nxd4 Nf6 5. Nc3 g6 6. Bc4 Bg7 7. Be3 O-O 8. f3
Nc6 9. Bb3 Bd7 10. Qd2 Ne5 11. O-O-O Rc8 12. h4 h5 13. Bg5 Rc5 14. Kb1 b5 15.
Nde2 a5 16. f4 Neg4 17. e5 dxe5 18. Bxf6 Nxf6 19. fxe5 Rxe5 20. Nf4 Bh6 21. Qd4
Bxf4 22. Qxf4 Qb8 23. Rhf1 Bg4 24. Qh6 Be6 25. Rd3 Ng4 26. Qd2 Bc4 27. Bxc4
bxc4 28. Rd4 Rc5 29. Ne4 Rb5 30. Qc3 Ne5 31. Rfd1 a4 32. a3 Qb6 33. Rd5 Rb8 34.
Qxe5 Rxb2+ 35. Kc1 Qe3+ 0-1

[Event "First Saturday 09 June"]
[Site "Budapest"]
[Date "2009.06.07"]
[Round "2"]
[White "Revesz, Zoltan"]
[Black "Mester, Attila"]
[Result "1/2-1/2"]
[WhiteElo "2258"]
[BlackElo "2095"]
[PlyCount "58"]
[EventDate "2009.06.06"]

1. e4 c5 2. c3 e6 3. d4 d5 4. exd5 exd5 5. Nf3 Nc6 6. Be3 c4 7. b3 cxb3 8. axb3
Bd6 9. Bd3 Nf6 10. O-O O-O 11. Bg5 h6 12. Bh4 Bg4 13. Nbd2 Rb8 14. Re1 a6 15.
h3 Be6 16. Ne5 Ne7 17. Qf3 Bxe5 18. dxe5 Ne8 19. g4 Qd7 20. Rac1 Ng6 21. Bg3
Ne7 22. Qe2 f5 23. f4 Nc7 24. g5 hxg5 25. fxg5 f4 26. Qh5 Bf5 27. g6 Bxg6 28.
Bxg6 Nxg6 29. Qxg6 fxg3 1/2-1/2

[Event "First Saturday 09 June"]
[Site "Budapest"]
[Date "2009.06.07"]
[Round "2"]
[White "Schenkerik, Csaba"]
[Black "Yip, Michael"]
[Result "1-0"]
[WhiteElo "2215"]
[BlackElo "2067"]
[PlyCount "47"]
[EventDate "2009.06.06"]

1. e4 e5 2. Nf3 Nc6 3. Bc4 Bc5 4. b4 Bxb4 5. c3 Ba5 6. d4 d6 7. Qb3 Qd7 8. dxe5
Bb6 9. Nbd2 Na5 10. Qc2 Nxc4 11. Nxc4 Qc6 12. Nxb6 axb6 13. O-O Be6 14. exd6
Qxd6 15. Rd1 Qc5 16. Be3 Qh5 17. Nd4 Ne7 18. Nxe6 fxe6 19. Qd3 Kf7 20. Bf4 Qc5
21. Qf3 Ke8 22. Qg3 Ra3 23. Bxc7 Rxc3 24. Qxg7 1-0

[Event "First Saturday 09 June"]
[Site "Budapest"]
[Date "2009.06.07"]
[Round "2"]
[White "Havaskori, Laszlo"]
[Black "Mendege, Andras"]
[Result "1-0"]
[WhiteElo "2035"]
[BlackElo "1818"]
[PlyCount "95"]
[EventDate "2009.06.06"]

1. e4 e6 2. d4 d5 3. e5 c5 4. c3 Qb6 5. Nf3 Nc6 6. Be2 Bd7 7. O-O Nge7 8. dxc5
Qxc5 9. Be3 Qa5 10. b4 Qc7 11. Bd4 Ng6 12. b5 Ncxe5 13. Nxe5 Nxe5 14. f4 Nc4
15. a4 Bc5 16. Bxc4 dxc4 17. Kh1 Bxd4 18. Qxd4 O-O 19. Nd2 Rfd8 20. Qxc4 Qxc4
21. Nxc4 Rac8 22. Na5 Rc7 23. Rf3 Bc8 24. c4 Rd2 25. Nb3 Rd8 26. c5 Kf8 27. Kg1
Rd5 28. Rc1 Bd7 29. Re3 a6 30. c6 bxc6 31. b6 Rb7 32. a5 Ke7 33. Nc5 Rxc5 34.
Rxc5 g6 35. Rd3 h5 36. h4 Ke8 37. Kf2 Ke7 38. Ke3 Be8 39. Rd4 Bd7 40. Kd2 Be8
41. Kc3 Bd7 42. Kb4 Be8 43. Rc2 Bd7 44. Kc5 Be8 45. Rcd2 Bd7 46. Rd6 Be8 47.
Rxc6 Bxc6 48. Kxc6 1-0

[Event "First Saturday 09 June"]
[Site "Budapest"]
[Date "2009.06.08"]
[Round "3"]
[White "Yip, Michael"]
[Black "Havaskori, Laszlo"]
[Result "1-0"]
[WhiteElo "2067"]
[BlackElo "2035"]
[PlyCount "27"]
[EventDate "2009.06.06"]

1. d4 Nf6 2. c4 e5 3. dxe5 Ng4 4. Bf4 Nc6 5. Nf3 Bb4+ 6. Nbd2 Qe7 7. e3 Ngxe5
8. Nxe5 Nxe5 9. Be2 O-O 10. O-O d6 11. Nb3 Be6 12. a3 Bc5 13. Nxc5 dxc5 14.
Bxe5 1-0

[Event "First Saturday 09 June"]
[Site "Budapest"]
[Date "2009.06.08"]
[Round "3"]
[White "Mester, Attila"]
[Black "Schenkerik, Csaba"]
[Result "0-1"]
[WhiteElo "2095"]
[BlackElo "2215"]
[PlyCount "90"]
[EventDate "2009.06.06"]

1. e4 e6 2. d3 d5 3. Nd2 c5 4. Ngf3 Nc6 5. g3 g6 6. Bg2 Bg7 7. O-O Nge7 8. Re1
O-O 9. h4 b6 10. h5 a5 11. a4 Rb8 12. exd5 exd5 13. Nf1 Bg4 14. N1h2 Bxf3 15.
Nxf3 Nf5 16. c3 Re8 17. Rxe8+ Qxe8 18. Bf4 Rb7 19. hxg6 hxg6 20. Ng5 Qd8 21.
Qb3 Rd7 22. Re1 Bf6 23. Nh3 Ng7 24. Bc1 Ne5 25. Nf4 c4 26. Qd1 d4 27. cxd4 Nxd3
28. Nxd3 Rxd4 29. Be3 Rxd3 30. Qc2 Nf5 31. Bc1 Bd4 32. Kh2 Qd6 33. Bf4 Qc5 34.
Re8+ Kg7 35. Qe2 Bxf2 36. Re5 Bg1+ 37. Kh1 Qf2 38. Qxf2 Bxf2 39. Be4 Nxg3+ 40.
Bxg3 Rxg3 41. Bd5 Rg1+ 42. Kh2 Bg3+ 43. Kxg1 Bxe5 44. Bxc4 Bxb2 45. Kg2 f5 0-1

[Event "First Saturday 09 June"]
[Site "Budapest"]
[Date "2009.06.08"]
[Round "3"]
[White "Jasz, Peter"]
[Black "Revesz, Zoltan"]
[Result "1/2-1/2"]
[WhiteElo "2007"]
[BlackElo "2258"]
[PlyCount "26"]
[EventDate "2009.06.06"]

1. e4 e5 2. Nf3 Nc6 3. Bb5 a6 4. Ba4 Nf6 5. O-O Be7 6. Re1 b5 7. Bb3 O-O 8. a4
Bb7 9. d3 d6 10. Nc3 b4 11. Nd5 Nd7 12. a5 Nc5 13. Bd2 Rb8 1/2-1/2

[Event "First Saturday 09 June"]
[Site "Budapest"]
[Date "2009.06.08"]
[Round "3"]
[White "Steffenello, Leonard"]
[Black "Mueller, Markus"]
[Result "1-0"]
[WhiteElo "2128"]
[BlackElo "2152"]
[PlyCount "60"]
[EventDate "2009.06.06"]

1. d4 Nf6 2. c4 e6 3. g3 Bb4+ 4. Bd2 c5 5. Bxb4 cxb4 6. Bg2 O-O 7. Nf3 d6 8.
O-O Nc6 9. Nbd2 e5 10. d5 Nb8 11. a3 Na6 12. Qb3 Qb6 13. Rac1 Bf5 14. axb4 Qxb4
15. Qxb4 Nxb4 16. c5 Nbxd5 17. cxd6 Rad8 18. Nxe5 Rfe8 19. Ndc4 b5 20. Nc6 bxc4
21. Nxd8 Rxd8 22. Rxc4 Be6 23. Rd4 Kf8 24. e4 Nb6 25. Rc1 Ke8 26. f4 Rc8 27.
Rxc8+ Bxc8 28. e5 Nfd7 29. Rd3 Nc5 30. Rc3 Ne6 1-0

[Event "First Saturday 09 June"]
[Site "Budapest"]
[Date "2009.06.09"]
[Round "4"]
[White "Bodrogi, Laszlo"]
[Black "Steffenello, Leonard"]
[Result "0-1"]
[WhiteElo "2050"]
[BlackElo "2128"]
[PlyCount "28"]
[EventDate "2009.06.06"]

1. d4 Nf6 2. c4 e6 3. Nc3 Bb4 4. e3 O-O 5. Nge2 d5 6. a3 Be7 7. Nf4 Re8 8. cxd5
exd5 9. Bd3 Bd6 10. O-O c6 11. Qc2 Qe7 12. e4 dxe4 13. Nxe4 Nxe4 14. Re1 Qc7
0-1

[Event "First Saturday 09 June"]
[Site "Budapest"]
[Date "2009.06.09"]
[Round "4"]
[White "Schenkerik, Csaba"]
[Black "Jasz, Peter"]
[Result "1/2-1/2"]
[WhiteElo "2215"]
[BlackElo "2007"]
[PlyCount "32"]
[EventDate "2009.06.06"]

1. e4 c5 2. Nf3 d6 3. d4 cxd4 4. Nxd4 Nf6 5. Nc3 g6 6. Be3 Bg7 7. Qd2 O-O 8. f3
Nc6 9. O-O-O d5 10. Kb1 Nxd4 11. e5 Nxf3 12. gxf3 Ne8 13. Nxd5 Be6 14. Bc4 Bxe5
15. Qb4 Bxd5 16. Rxd5 Qc7 1/2-1/2

[Event "First Saturday 09 June"]
[Site "Budapest"]
[Date "2009.06.09"]
[Round "4"]
[White "Havaskori, Laszlo"]
[Black "Mester, Attila"]
[Result "1/2-1/2"]
[WhiteElo "2035"]
[BlackElo "2095"]
[PlyCount "26"]
[EventDate "2009.06.06"]

1. d4 f5 2. g3 Nf6 3. Bg2 e6 4. Nf3 Be7 5. O-O O-O 6. c4 d6 7. Nc3 Qe8 8. Bg5
Nbd7 9. Qc2 h6 10. Bxf6 Nxf6 11. e4 Qh5 12. e5 dxe5 13. dxe5 Nd7 1/2-1/2

[Event "First Saturday 09 June"]
[Site "Budapest"]
[Date "2009.06.09"]
[Round "4"]
[White "Mendege, Andras"]
[Black "Yip, Michael"]
[Result "1/2-1/2"]
[WhiteElo "1818"]
[BlackElo "2067"]
[PlyCount "72"]
[EventDate "2009.06.06"]

1. e4 e5 2. Nf3 Nc6 3. Bb5 Nf6 4. O-O Nxe4 5. Bxc6 dxc6 6. d3 Nd6 7. Nxe5 Be7
8. Nc3 O-O 9. h3 Be6 10. Re1 Bf6 11. Nf3 g6 12. Bf4 Bg7 13. Qd2 Re8 14. Ng5 Bf5
15. Rxe8+ Qxe8 16. Re1 Qf8 17. Nge4 Rd8 18. Nxd6 cxd6 19. Qe3 a6 20. Qe7 Rd7
21. Qxf8+ Kxf8 22. Kf1 Rd8 23. g4 Bc8 24. Kg2 Bxc3 25. bxc3 f6 26. c4 Kf7 27.
a4 g5 28. Bd2 Be6 29. Rb1 Rd7 30. f4 gxf4 31. Bxf4 d5 32. c5 Kg6 33. Kg3 h5 34.
Re1 Re7 35. a5 Re8 36. d4 Re7 1/2-1/2

[Event "First Saturday 09 June"]
[Site "Budapest"]
[Date "2009.06.10"]
[Round "5"]
[White "Mester, Attila"]
[Black "Mendege, Andras"]
[Result "1/2-1/2"]
[WhiteElo "2095"]
[BlackElo "1818"]
[PlyCount "70"]
[EventDate "2009.06.06"]

1. e4 e6 2. d4 d5 3. e5 c5 4. c3 Qb6 5. Nf3 Nc6 6. Bd3 Bd7 7. dxc5 Qxc5 8. O-O
Qb6 9. Qe2 Nge7 10. b4 a6 11. a4 d4 12. Nxd4 Nxd4 13. cxd4 Nd5 14. a5 Qxd4 15.
Bb2 Qa7 16. Qg4 g6 17. Nc3 Nxc3 18. Bxc3 Be7 19. h4 Rc8 20. Bd4 Qb8 21. Bb2 Bb5
22. Rfd1 Bxd3 23. Rxd3 h5 24. Qf4 O-O 25. Rg3 Kg7 26. Rf3 Qc7 27. Rc1 Qd7 28.
Re1 Qa4 29. Bc3 Qc2 30. Bd2 Rcd8 31. Be3 Rd1 32. Rxd1 Qxd1+ 33. Kh2 Qd5 34. Rg3
Rh8 35. Rf3 Rf8 1/2-1/2

[Event "First Saturday 09 June"]
[Site "Budapest"]
[Date "2009.06.10"]
[Round "5"]
[White "Jasz, Peter"]
[Black "Havaskori, Laszlo"]
[Result "1/2-1/2"]
[WhiteElo "2007"]
[BlackElo "2035"]
[PlyCount "56"]
[EventDate "2009.06.06"]

1. e4 e6 2. d4 d5 3. Nd2 c5 4. Ngf3 Nc6 5. Bb5 Bd7 6. O-O a6 7. exd5 axb5 8.
dxc6 Bxc6 9. Re1 cxd4 10. Nb3 Qf6 11. Nbxd4 Bc5 12. Nxc6 bxc6 13. Bg5 Qxb2 14.
Ne5 Qd4 15. Qf3 Qxf2+ 16. Qxf2 Bxf2+ 17. Kxf2 f6 18. Nxc6 fxg5 19. Rxe6+ Kd7
20. Rae1 Nf6 21. Nd4 Rxa2 22. Re7+ Kd6 23. Nxb5+ Kc5 24. R7e5+ Kb6 25. Rxg5
Rxc2+ 26. Kg3 Rc5 27. Rxc5 Kxc5 28. Re5+ Kc6 1/2-1/2

[Event "First Saturday 09 June"]
[Site "Budapest"]
[Date "2009.06.10"]
[Round "5"]
[White "Steffenello, Leonard"]
[Black "Revesz, Zoltan"]
[Result "1-0"]
[WhiteElo "2128"]
[BlackElo "2258"]
[PlyCount "63"]
[EventDate "2009.06.06"]

1. d4 d5 2. c4 c6 3. Nf3 Nf6 4. Qc2 e6 5. Nbd2 Nbd7 6. g3 Bd6 7. Bg2 O-O 8. O-O
e5 9. cxd5 cxd5 10. dxe5 Nxe5 11. Nxe5 Bxe5 12. Nf3 Bd6 13. Be3 Bg4 14. Rad1
Qa5 15. Qb3 Bd7 16. Rd4 Qa6 17. Bg5 Bc5 18. Rf4 Ne4 19. Ne5 Be6 20. Qc2 Rac8
21. Bxe4 dxe4 22. Qxe4 f6 23. Rh4 fxe5 24. Qxh7+ Kf7 25. Qh5+ g6 26. Qh7+ Ke8
27. Qxg6+ Rf7 28. Rh8+ Bf8 29. Bh6 Ke7 30. Qg5+ Kd7 31. Bxf8 Rcxf8 32. Rd1+ 1-0

[Event "First Saturday 09 June"]
[Site "Budapest"]
[Date "2009.06.10"]
[Round "5"]
[White "Mueller, Markus"]
[Black "Bodrogi, Laszlo"]
[Result "1-0"]
[WhiteElo "2152"]
[BlackElo "2050"]
[PlyCount "49"]
[EventDate "2009.06.06"]

1. e4 c5 2. Nf3 Nc6 3. Bb5 e6 4. Bxc6 bxc6 5. d3 d5 6. O-O Ne7 7. c4 d4 8. Nbd2
Ng6 9. e5 f5 10. exf6 gxf6 11. Re1 Be7 12. Ne4 Bd7 13. Qd2 Qc7 14. Qh6 O-O-O
15. b4 cxb4 16. Nxd4 e5 17. Nb3 Bg4 18. Nec5 Qb6 19. h3 Bf5 20. Be3 Bxc5 21.
Nxc5 Qc7 22. a3 b3 23. Rab1 Bxd3 24. Rxb3 Qa5 25. Qg7 1-0

[Event "First Saturday 09 June"]
[Site "Budapest"]
[Date "2009.06.11"]
[Round "6"]
[White "Revesz, Zoltan"]
[Black "Mueller, Markus"]
[Result "1/2-1/2"]
[WhiteElo "2258"]
[BlackElo "2152"]
[PlyCount "64"]
[EventDate "2009.06.06"]

1. e4 c5 2. c3 Nf6 3. e5 Nd5 4. d4 cxd4 5. Nf3 e6 6. cxd4 d6 7. a3 Bd7 8. Bd3
Bc6 9. O-O Nd7 10. Qe2 Be7 11. Bd2 Rc8 12. Nc3 Nxc3 13. Bxc3 O-O 14. Rad1 Bd5
15. Bb1 Re8 16. Rfe1 Nf8 17. Nd2 Ng6 18. Ne4 Bxe4 19. Qxe4 d5 20. Qd3 Qc7 21.
Rc1 Qc4 22. Qh3 b5 23. f4 b4 24. axb4 Bxb4 25. f5 exf5 26. Bxf5 Rb8 27. e6 fxe6
28. Bxg6 hxg6 29. Rxe6 Bxc3 30. bxc3 Qc8 31. Rxg6 Qxh3 32. gxh3 Re2 1/2-1/2

[Event "First Saturday 09 June"]
[Site "Budapest"]
[Date "2009.06.11"]
[Round "6"]
[White "Schenkerik, Csaba"]
[Black "Steffenello, Leonard"]
[Result "0-1"]
[WhiteElo "2215"]
[BlackElo "2128"]
[PlyCount "116"]
[EventDate "2009.06.06"]

1. e4 c6 2. d4 d5 3. f3 e5 4. dxe5 Bc5 5. Nc3 Qb6 6. Na4 Bf2+ 7. Ke2 Qd4 8.
Qxd4 Bxd4 9. exd5 Bxe5 10. Kd1 Nf6 11. Bd3 Nxd5 12. Ne2 O-O 13. Bd2 Rd8 14. Ke1
Nd7 15. c4 N5b6 16. Ba5 Nxa4 17. Bxd8 Nxb2 18. Bc2 Nd3+ 19. Kd2 Bxa1 20. Rxa1
N3e5 21. Kc3 Nb6 22. c5 Nd5+ 23. Kd4 Bd7 24. Bh4 Re8 25. Be4 Ng6 26. Bg3 Nge7
27. Re1 Nf5+ 28. Bxf5 Bxf5 29. Nc3 Rxe1 30. Bxe1 Nb4 31. Bg3 f6 32. Bb8 Nc2+
33. Kc4 a6 34. g4 Be6+ 35. Kd3 Nb4+ 36. Kd4 Bxa2 37. Nxa2 Nxa2 38. Kc4 Nc1 39.
Bf4 Ne2 40. Be3 g5 41. Kb4 Kf7 42. Ka5 Ke6 43. Kb6 Kd5 44. Kxb7 a5 45. Bd2 a4
46. Bb4 Nd4 47. Kb6 Nxf3 48. h3 Kc4 49. Ba3 Kb3 50. Bc1 Ne5 51. Kc7 a3 52. Bxa3
Kxa3 53. Kd6 Kb4 54. Ke6 Kxc5 55. Kxf6 Kd4 56. Kxg5 c5 57. Kh6 c4 58. Kxh7 c3
0-1

[Event "First Saturday 09 June"]
[Site "Budapest"]
[Date "2009.06.11"]
[Round "6"]
[White "Mendege, Andras"]
[Black "Jasz, Peter"]
[Result "1-0"]
[WhiteElo "1818"]
[BlackElo "2007"]
[PlyCount "55"]
[EventDate "2009.06.06"]

1. e4 c5 2. Nf3 d6 3. d4 cxd4 4. Nxd4 Nf6 5. Nc3 g6 6. Be3 Bg7 7. f3 O-O 8. Qd2
Nc6 9. O-O-O d5 10. exd5 Nxd5 11. Nxc6 bxc6 12. Bd4 Nxc3 13. Qxc3 Bh6+ 14. Be3
Bxe3+ 15. Qxe3 Qb6 16. Qc3 Qf2 17. Qd4 Qxd4 18. Rxd4 e5 19. Rd6 Bb7 20. Bc4 a5
21. Re1 Rae8 22. Rd7 Ba8 23. Ra7 e4 24. Rxe4 Rxe4 25. fxe4 c5 26. Bd5 Bxd5 27.
exd5 Rd8 28. c4 1-0

[Event "First Saturday 09 June"]
[Site "Budapest"]
[Date "2009.06.11"]
[Round "6"]
[White "Yip, Michael"]
[Black "Mester, Attila"]
[Result "0-1"]
[WhiteElo "2067"]
[BlackElo "2095"]
[PlyCount "92"]
[EventDate "2009.06.06"]

1. d4 Nf6 2. c4 g6 3. Nc3 Bg7 4. Nf3 O-O 5. g3 d6 6. Bg2 Nc6 7. O-O a6 8. d5
Na5 9. Nd2 c5 10. Qc2 Rb8 11. Rb1 b5 12. b3 Bd7 13. Bb2 Qc7 14. Ba1 Rfc8 15. h3
e5 16. e4 Bh6 17. f4 Nh5 18. Ne2 bxc4 19. bxc4 Rxb1 20. Nxb1 Nxc4 21. Rf3 Rb8
22. Nbc3 exf4 23. gxf4 Bg7 24. Kh2 Rb4 25. Qc1 Qb8 26. Rf1 f5 27. Rg1 Nb2 28.
Qc2 c4 29. exf5 Bxf5 30. Be4 Bxe4 31. Qxe4 Nd3 32. a3 Rb3 33. Qxc4 Ndxf4 34.
Nd4 Rb7 35. Nc6 Rb2+ 36. Kh1 Qb7 37. Qe4 Qd7 38. Qe3 Rc2 39. Re1 Qxh3+ 40. Qxh3
Nxh3 41. Re8+ Kf7 42. Re7+ Kf8 43. Ne4 Bxa1 44. Rc7 Nf2+ 45. Kg1 Nxe4 46. Rc8+
Kg7 0-1

[Event "First Saturday 09 June"]
[Site "Budapest"]
[Date "2009.06.12"]
[Round "7"]
[White "Jasz, Peter"]
[Black "Yip, Michael"]
[Result "0-1"]
[WhiteElo "2007"]
[BlackElo "2067"]
[PlyCount "128"]
[EventDate "2009.06.06"]

1. e4 e5 2. Nf3 Nc6 3. Bb5 a6 4. Ba4 Nf6 5. O-O Be7 6. Re1 b5 7. Bb3 O-O 8. a4
b4 9. a5 d6 10. c3 Be6 11. Bxe6 fxe6 12. d4 bxc3 13. Nxc3 Nxd4 14. Nxd4 exd4
15. Qxd4 c5 16. Qc4 d5 17. exd5 exd5 18. Qe2 Bd6 19. Qe6+ Kh8 20. Bg5 d4 21.
Ne4 Be7 22. Bxf6 Bxf6 23. Nxc5 d3 24. Rad1 d2 25. Re2 Bd4 26. Nd3 Qxa5 27.
Rexd2 Rae8 28. b4 Qb5 29. Qg4 Bc3 30. Re2 Rxe2 31. Qxe2 Bxb4 32. Qe5 Qxe5 33.
Nxe5 Kg8 34. Rd7 Re8 35. f4 a5 36. Nc6 Bc5+ 37. Kf1 a4 38. Rd5 Bf8 39. Ne5 Ra8
40. Rd1 a3 41. Ra1 Ra4 42. Nd3 Kf7 43. Ke2 Ke6 44. Ra2 Kd5 45. g4 Bd6 46. h3
Ke4 47. f5 Rc4 48. Rd2 Bc5 49. Nxc5+ Rxc5 50. Ra2 Ra5 51. Kf2 Kf4 52. Kg2 h6
53. Kf2 Ra4 54. Kg2 h5 55. Rf2+ Kg5 56. f6 gxf6 57. Rf5+ Kg6 58. Rf1 hxg4 59.
hxg4 a2 60. Ra1 Ra3 61. Kf2 Kg5 62. Ke2 Kxg4 63. Rg1+ Kf4 64. Ra1 Ke4 0-1

[Event "First Saturday 09 June"]
[Site "Budapest"]
[Date "2009.06.12"]
[Round "7"]
[White "Steffenello, Leonard"]
[Black "Havaskori, Laszlo"]
[Result "1-0"]
[WhiteElo "2128"]
[BlackElo "2035"]
[PlyCount "51"]
[EventDate "2009.06.06"]

1. d4 Nf6 2. c4 e6 3. g3 c5 4. d5 exd5 5. cxd5 d6 6. Nc3 Be7 7. Bg2 O-O 8. Nf3
a6 9. a4 Re8 10. O-O h6 11. Nd2 Bf8 12. e4 Nbd7 13. f4 Rb8 14. Nc4 b5 15. axb5
axb5 16. Na5 Qb6 17. Nc6 c4+ 18. Kh1 Nc5 19. e5 Nd3 20. exf6 Re1 21. Qxe1 Nxe1
22. Rxe1 Bd7 23. Be3 Qb7 24. Ra7 Bxc6 25. dxc6 Qc8 26. c7 1-0

[Event "First Saturday 09 June"]
[Site "Budapest"]
[Date "2009.06.12"]
[Round "7"]
[White "Mueller, Markus"]
[Black "Schenkerik, Csaba"]
[Result "1-0"]
[WhiteElo "2152"]
[BlackElo "2215"]
[PlyCount "67"]
[EventDate "2009.06.06"]

1. e4 c5 2. Nf3 e6 3. b3 b6 4. d4 cxd4 5. Nxd4 Bb7 6. Nb5 Bxe4 7. N1c3 Bb7 8.
Bf4 Na6 9. Bd6 Ne7 10. Bc7 Qxc7 11. Nxc7+ Nxc7 12. Nb5 Ned5 13. Nxc7+ Nxc7 14.
Qg4 f5 15. Qg3 f4 16. Qh3 f3 17. O-O-O Ba3+ 18. Kb1 O-O-O 19. gxf3 Rdf8 20. Rg1
Bxf3 21. Rd3 Be4 22. Rd4 Bf5 23. Qg3 g6 24. b4 e5 25. Rc4 d5 26. Rxc7+ Kxc7 27.
Qxe5+ Kb7 28. Qxd5+ Kb8 29. Qd6+ Kb7 30. Bg2+ Ka6 31. b5+ Kxb5 32. Bc6+ Kc4 33.
Qd5+ Kb4 34. Qd4+ 1-0

[Event "First Saturday 09 June"]
[Site "Budapest"]
[Date "2009.06.12"]
[Round "7"]
[White "Bodrogi, Laszlo"]
[Black "Revesz, Zoltan"]
[Result "0-1"]
[WhiteElo "2050"]
[BlackElo "2258"]
[PlyCount "66"]
[EventDate "2009.06.06"]

1. e4 e5 2. Nf3 Nc6 3. Bb5 a6 4. Ba4 Nf6 5. O-O Be7 6. Re1 b5 7. Bb3 O-O 8. c3
d5 9. exd5 Nxd5 10. Nxe5 Nxe5 11. Rxe5 c6 12. Bxd5 cxd5 13. d4 Bd6 14. Re3 Qh4
15. h3 g5 16. Qf3 Be6 17. Qf6 Rae8 18. Nd2 Be7 19. Qe5 Qh5 20. Nf1 Qg6 21. Bd2
Rd8 22. h4 gxh4 23. Qh2 Kh8 24. Rae1 Rg8 25. R1e2 Bd6 26. f4 h3 27. Rg3 Qb1 28.
Be1 Bg4 29. Rxg4 Rxg4 30. Qxh3 Rxf4 31. Ng3 Rg8 32. Kh2 Rf1 33. Qh6 Bxg3+ 0-1

[Event "First Saturday 09 June"]
[Site "Budapest"]
[Date "2009.06.13"]
[Round "8"]
[White "Schenkerik, Csaba"]
[Black "Bodrogi, Laszlo"]
[Result "1-0"]
[WhiteElo "2215"]
[BlackElo "2050"]
[PlyCount "69"]
[EventDate "2009.06.06"]

1. e4 e5 2. Nf3 Nc6 3. Bb5 a6 4. Ba4 Nf6 5. O-O Nxe4 6. d4 b5 7. Bb3 Be7 8. Bd5
Nf6 9. Bxc6 dxc6 10. dxe5 Qxd1 11. Rxd1 Ne4 12. Re1 Nc5 13. Bg5 Bxg5 14. Nxg5
Bf5 15. Nc3 Bxc2 16. e6 Nxe6 17. Nxe6 fxe6 18. Rxe6+ Kd7 19. Re2 Bf5 20. Re5 g6
21. g4 Bxg4 22. Ne4 Raf8 23. Nc5+ Kc8 24. Rae1 Rd8 25. Nxa6 Kb7 26. Nc5+ Kb6
27. b4 Rd4 28. a3 Ra8 29. R1e3 Bf5 30. h3 Rd1+ 31. Kg2 Ra1 32. Re8 R1xa3 33.
Rb8+ Rxb8 34. Rxa3 Bc8 35. Kh2 1-0

[Event "First Saturday 09 June"]
[Site "Budapest"]
[Date "2009.06.13"]
[Round "8"]
[White "Havaskori, Laszlo"]
[Black "Mueller, Markus"]
[Result "1-0"]
[WhiteElo "2035"]
[BlackElo "2152"]
[PlyCount "67"]
[EventDate "2009.06.06"]

1. d4 Nf6 2. Nf3 e6 3. c4 Bb4+ 4. Bd2 c5 5. Bxb4 cxb4 6. Nbd2 O-O 7. e4 d6 8.
Qb3 a5 9. Rd1 Qc7 10. h3 e5 11. Qe3 Re8 12. d5 Nbd7 13. g4 Nf8 14. Nh4 Ng6 15.
Nxg6 hxg6 16. Be2 Qe7 17. g5 Nh5 18. Bxh5 gxh5 19. Rg1 g6 20. Rg3 Qc7 21. Kf1
Bd7 22. Kg2 Rec8 23. Rf3 b5 24. b3 a4 25. Rf6 Be8 26. Kg3 axb3 27. axb3 Qb8 28.
Rc1 Rc5 29. f4 Qc7 30. fxe5 dxe5 31. d6 Qc8 32. Qf2 Ra2 33. Rf1 Ra7 34. Rxg6+
1-0

[Event "First Saturday 09 June"]
[Site "Budapest"]
[Date "2009.06.13"]
[Round "8"]
[White "Mendege, Andras"]
[Black "Steffenello, Leonard"]
[Result "1/2-1/2"]
[WhiteElo "1818"]
[BlackElo "2128"]
[PlyCount "48"]
[EventDate "2009.06.06"]

1. e4 c6 2. d4 d5 3. Nc3 dxe4 4. Nxe4 Bf5 5. Ng3 Bg6 6. Nf3 Nd7 7. Bd3 e6 8.
O-O Ngf6 9. c4 Bd6 10. b3 O-O 11. Bxg6 hxg6 12. Bb2 Qc7 13. Qc2 a5 14. Ne4 Nxe4
15. Qxe4 Rfe8 16. h3 a4 17. Qc2 e5 18. dxe5 Nxe5 19. Nxe5 Bxe5 20. Rae1 axb3
21. axb3 Bf6 22. Rxe8+ Rxe8 23. Rb1 Qf4 24. Kf1 g5 1/2-1/2